000
00253nam a2200097Ia 4500
001
1220606
005
20250827092814.0
008
250824s9999 xx 000 0 und d
245
0
_a
İVAN İLYİÇİN ÖLÜMÜ
_c
TOLSTOY
260
_b
KİTAP ZAMANI YAYINLARI
999
_c
1220606
_d
1220606